000 01300nam a2200337 a 4500
001 000111351
003 CHAP
005 20220329144207.0
008 150327s2015 mx a |sm |||||||spa d
010 _a107813
011 _a108785
040 _cCHAP
090 _aTesis
100 1 _aRamírez Aguado, Lorena
_993843
245 1 0 _aDiagnóstico y manejo químico-biológico de los agentes causales de la pudrición de raíz y cuello de la gerbera (gerbera jamesonii H. Bolus ex J. D. Hook
_h[En línea]
_cpor Lorena Ramírez Aguado.
260 _aChapingo, Méx. :
_bEl autor,
_c2015.
500 _aPara ver el contenido del material haga clic en la liga
502 _aTesis (M. C. en Protección Vegetal) -- UACH. Departamento de Parasitología Agrícola
590 _aE5652GLJ
_b05
_c20150327
_lUCH01
_h1421
590 _aE5652GLJ
_b05
_c20150327
_lUCH01
_h1421
590 _aE5652GLJ
_b05
_c20150330
_lUCH01
_h0945
590 _aE5652GLJ
_b05
_c20150414
_lUCH01
_h1004
650 1 4 _aControl biológico de hongos.
_927580
650 1 4 _aControl químico.
_927604
650 1 4 _aGerbera
_xEnfermedades por hongo.
_947728
650 1 4 _aHongos fitopatógenos.
_956132
856 _aFinding aid
_uhttp://10.13.5.2/tesis/sist111351.pdf
_zTeclea aquí
901 _aBK
942 _cTESIS
942 _n0
999 _c107813
_d107813